000 00509nam a2200157 i 4500
001 62695
003 ES-MaACL
007 t|
008 031125s1984 sp ||||1| spa d
100 1 _aFernández Ballesteros, Rocío.
_949498
245 1 0 _aPsicodiagnóstico /
_cRocío Fernández Ballesteros.
250 _a[2ª ed.].
260 _a[Madrid] :
_bUniversidad Nacional de Educacion a Distancia. Facultad de Psicología,
_c[1984]
300 _a3 t. en 1 v. ;
_c24 cm.
852 _aES-MaACL
_jL-7204-6
_bR.107858
999 _c62695
_d62695